| 000 | 00986cab a2200241 4500 | ||
|---|---|---|---|
| 001 | WB3116-80 | ||
| 008 | 090401t1995 xxu||||| |||| 00| 0 eng d | ||
| 035 | _a(Sirsi) u57754 | ||
| 041 | _aeng | ||
| 245 | _aLandlord`s agent not liable | ||
| 260 | _c1995 | ||
| 350 | _a0 | ||
| 490 |
_aTimes _v19 April 1995, 38(1) |
||
| 520 | _aIn "Sampson and another v Wilson and others", CA 22 March 1995, it was held that Housing Act 1988 s27-28 imposed liability on the landlord alone to pay damages to a tenant unlawfully deprived of his occupation of premises by the harassment of the landlord or person acting on his behalf. Accordingly, no claim for damages could lie against the landlord`s agent as a joint tortfeasor. | ||
| 650 | _aHARASSMENT | ||
| 650 | _aHOUSING ACT 1988 S27 | ||
| 650 | _aHOUSING ACT 1988 S28 | ||
| 650 | _aJOINT TORTFEASOR | ||
| 650 | _aLANDLORDS AGENT | ||
| 690 | _aLANDLORD AND TENANT-CASE LAW-RESIDENTIAL TENANCIES | ||
| 942 | _n0 | ||
| 948 | _c04/03/1997 | ||
| 999 |
_c35251 _d35251 |
||